000 01140nam a2200289 a 4500
001 26751
003 BD-RjUL
005 20211209051049.0
008 140323s1986 bg b f100 0 eng
035 _a(BD-RjUL)26822
040 _aDLC
_cDLC
_dDLC
_dBD-RjUL
_beng
041 _aeng
082 0 0 _a954.92
_219
_bBAN 1986
245 0 0 _aBangladesh studies :
_bpolitics, administration, rural development, and foreign policy /
_cedited by Mohammad Mohabbat Khan, Syed Anwar Husain.
260 _aDhaka :
_bCenter for Administrative Studies, University of Dhaka,
_c1986.
300 _axiv, 281 p. ;
_c24 cm.
504 _aIncludes bibliographies.
520 _aDeliberations of a workshop organized by the Centre for Administrative Studies, University of Dacca.
650 0 _aRural development
_zBangladesh.
_982202
651 0 _aBangladesh
_xPolitics and government.
_982203
700 1 _aKhan, Mohammad Mohabbat,
_d1949-
_99079
700 1 _aHosena, Saiẏada Ānoẏāra,
_d1934-
_982204
710 2 _aUniversity of Dacca.
_bCentre for Administrative Studies.
_982205
942 _2ddc
_cBK
999 _c26751
_d26751